000 00446nam a2200193Ia 4500
005 20250425162010.0
008 250425s9999 xx 000 0 und d
041 _aeng
082 _a621.567
100 _aGOLDSMID, H J
245 0 _aTHERMOELECTRIC REFRIGERATION
250 _aS.E.
260 _aEstados Unidos
_bPLENUM PRESS
_c1964
260 _aNEW YORK
300 _a240
650 _aREFRIGERACION
942 _c01
010 _a39432
999 _c220363
_d220363